<?xml version="1.0" encoding="UTF-8"?>
<collection xmlns="http://www.loc.gov/MARC21/slim">
 <record>
  <leader>04127cam a2200673   4500</leader>
  <controlfield tag="001">1091860955</controlfield>
  <controlfield tag="003">DE-627</controlfield>
  <controlfield tag="005">20241007100035.0</controlfield>
  <controlfield tag="007">tu</controlfield>
  <controlfield tag="008">901009s1950    gw |||||      00| ||ger c</controlfield>
  <datafield tag="016" ind1="7" ind2=" ">
   <subfield code="a">450311147</subfield>
   <subfield code="2">DE-101</subfield>
  </datafield>
  <datafield tag="020" ind1=" " ind2=" ">
   <subfield code="c"> : 2.40 (brosch.)</subfield>
  </datafield>
  <datafield tag="035" ind1=" " ind2=" ">
   <subfield code="a">(DE-627)1091860955</subfield>
  </datafield>
  <datafield tag="035" ind1=" " ind2=" ">
   <subfield code="a">(DE-576)021860955</subfield>
  </datafield>
  <datafield tag="035" ind1=" " ind2=" ">
   <subfield code="a">(DE-599)BSZ021860955</subfield>
  </datafield>
  <datafield tag="035" ind1=" " ind2=" ">
   <subfield code="a">(OCoLC)27707052</subfield>
  </datafield>
  <datafield tag="035" ind1=" " ind2=" ">
   <subfield code="a">(OCoLC)27707052</subfield>
  </datafield>
  <datafield tag="035" ind1=" " ind2=" ">
   <subfield code="a">(OCoLC)884325738</subfield>
  </datafield>
  <datafield tag="040" ind1=" " ind2=" ">
   <subfield code="a">DE-627</subfield>
   <subfield code="b">ger</subfield>
   <subfield code="c">DE-627</subfield>
   <subfield code="e">rakwb</subfield>
  </datafield>
  <datafield tag="041" ind1=" " ind2=" ">
   <subfield code="a">ger</subfield>
  </datafield>
  <datafield tag="044" ind1=" " ind2=" ">
   <subfield code="c">XA-DE</subfield>
  </datafield>
  <datafield tag="084" ind1=" " ind2=" ">
   <subfield code="a">12a</subfield>
   <subfield code="a">14a</subfield>
   <subfield code="2">sdnb</subfield>
  </datafield>
  <datafield tag="084" ind1=" " ind2=" ">
   <subfield code="a">1</subfield>
   <subfield code="2">ssgn</subfield>
  </datafield>
  <datafield tag="084" ind1=" " ind2=" ">
   <subfield code="a">NR 2290</subfield>
   <subfield code="2">rvk</subfield>
   <subfield code="0">(DE-625)rvk/129211:</subfield>
  </datafield>
  <datafield tag="084" ind1=" " ind2=" ">
   <subfield code="a">NF 5805</subfield>
   <subfield code="2">rvk</subfield>
   <subfield code="0">(DE-625)rvk/125263:1212</subfield>
  </datafield>
  <datafield tag="084" ind1=" " ind2=" ">
   <subfield code="a">NF 1285</subfield>
   <subfield code="2">rvk</subfield>
   <subfield code="0">(DE-625)rvk/125211:1207</subfield>
  </datafield>
  <datafield tag="084" ind1=" " ind2=" ">
   <subfield code="a">15.19</subfield>
   <subfield code="2">bkl</subfield>
  </datafield>
  <datafield tag="100" ind1="1" ind2=" ">
   <subfield code="a">Behrens, Gustav</subfield>
   <subfield code="d">1884-1955</subfield>
   <subfield code="0">(DE-588)116111216</subfield>
   <subfield code="0">(DE-627)077635612</subfield>
   <subfield code="0">(DE-576)290278309</subfield>
   <subfield code="4">aut</subfield>
  </datafield>
  <datafield tag="245" ind1="1" ind2="4">
   <subfield code="a">Das frühchristliche und merowingische Mainz</subfield>
   <subfield code="b">nach den Bodenfunden dargestellt</subfield>
   <subfield code="c">Gustav Behrens</subfield>
  </datafield>
  <datafield tag="264" ind1=" " ind2="1">
   <subfield code="a">Mainz</subfield>
   <subfield code="b">Römisch-Germanisches Zentralmuseum [u.a.]</subfield>
   <subfield code="c">1950</subfield>
  </datafield>
  <datafield tag="300" ind1=" " ind2=" ">
   <subfield code="a">35 S.</subfield>
   <subfield code="b">Ill., Kt.</subfield>
  </datafield>
  <datafield tag="336" ind1=" " ind2=" ">
   <subfield code="a">Text</subfield>
   <subfield code="b">txt</subfield>
   <subfield code="2">rdacontent</subfield>
  </datafield>
  <datafield tag="337" ind1=" " ind2=" ">
   <subfield code="a">ohne Hilfsmittel zu benutzen</subfield>
   <subfield code="b">n</subfield>
   <subfield code="2">rdamedia</subfield>
  </datafield>
  <datafield tag="338" ind1=" " ind2=" ">
   <subfield code="a">Band</subfield>
   <subfield code="b">nc</subfield>
   <subfield code="2">rdacarrier</subfield>
  </datafield>
  <datafield tag="490" ind1="1" ind2=" ">
   <subfield code="a">Kulturgeschichtliche Wegweiser durch das Römisch-Germanische Central-Museum</subfield>
   <subfield code="v">20</subfield>
  </datafield>
  <datafield tag="583" ind1="1" ind2=" ">
   <subfield code="a">Archivierung prüfen</subfield>
   <subfield code="c">20240324</subfield>
   <subfield code="f">DE-4165</subfield>
   <subfield code="z">2</subfield>
   <subfield code="2">pdager</subfield>
  </datafield>
  <datafield tag="583" ind1="1" ind2=" ">
   <subfield code="3">Ns 6092/40-20</subfield>
   <subfield code="a">Massenentsäuert</subfield>
   <subfield code="c">20235DE-1</subfield>
   <subfield code="2">pdager</subfield>
  </datafield>
  <datafield tag="689" ind1="0" ind2="0">
   <subfield code="d">g</subfield>
   <subfield code="0">(DE-588)4037124-4</subfield>
   <subfield code="0">(DE-627)106239201</subfield>
   <subfield code="0">(DE-576)209022329</subfield>
   <subfield code="a">Mainz</subfield>
   <subfield code="2">gnd</subfield>
  </datafield>
  <datafield tag="689" ind1="0" ind2="1">
   <subfield code="d">p</subfield>
   <subfield code="0">(DE-588)11858118X</subfield>
   <subfield code="0">(DE-627)694805688</subfield>
   <subfield code="0">(DE-576)209031832</subfield>
   <subfield code="a">Merowinger</subfield>
   <subfield code="c">Dynastie : 400-751</subfield>
   <subfield code="2">gnd</subfield>
  </datafield>
  <datafield tag="689" ind1="0" ind2="2">
   <subfield code="d">s</subfield>
   <subfield code="0">(DE-588)4129954-1</subfield>
   <subfield code="0">(DE-627)104161795</subfield>
   <subfield code="0">(DE-576)209614838</subfield>
   <subfield code="a">Frühchristentum</subfield>
   <subfield code="2">gnd</subfield>
  </datafield>
  <datafield tag="689" ind1="0" ind2="3">
   <subfield code="d">s</subfield>
   <subfield code="0">(DE-588)4071507-3</subfield>
   <subfield code="0">(DE-627)104642874</subfield>
   <subfield code="0">(DE-576)209184205</subfield>
   <subfield code="a">Funde</subfield>
   <subfield code="2">gnd</subfield>
  </datafield>
  <datafield tag="689" ind1="0" ind2=" ">
   <subfield code="5">(DE-627)</subfield>
  </datafield>
  <datafield tag="787" ind1="0" ind2="8">
   <subfield code="i">Rezension</subfield>
   <subfield code="a">Wessel, Klaus, 1916 - 1987</subfield>
   <subfield code="t">Behrens, Gustav, Das frühchristliche und merowingische Mainz</subfield>
   <subfield code="d">1953</subfield>
   <subfield code="w">(DE-627)1461712432</subfield>
   <subfield code="w">(DE-576)391712438</subfield>
  </datafield>
  <datafield tag="787" ind1="0" ind2="8">
   <subfield code="i">Rezensiert in</subfield>
   <subfield code="a">Böhner, Kurt, 1914 - 2007</subfield>
   <subfield code="t">[Rezension von: Gustav Behrens, Das frühchristliche und merowingische Mainz]</subfield>
   <subfield code="d">Köln : Rheinland Verlag GmbH, 1951</subfield>
   <subfield code="w">(DE-627)1732453020</subfield>
  </datafield>
  <datafield tag="810" ind1="2" ind2=" ">
   <subfield code="a">Römisch-Germanisches Zentralmuseum</subfield>
   <subfield code="t">Kulturgeschichtliche Wegweiser des Römisch-Germanischen Zentral-Museums in  Mainz</subfield>
   <subfield code="v">20</subfield>
   <subfield code="9">20</subfield>
   <subfield code="w">(DE-627)130740225</subfield>
   <subfield code="w">(DE-576)017002621</subfield>
   <subfield code="w">(DE-600)984148-9</subfield>
   <subfield code="7">ns</subfield>
  </datafield>
  <datafield tag="889" ind1=" " ind2=" ">
   <subfield code="w">(DE-627)173464122</subfield>
  </datafield>
  <datafield tag="935" ind1=" " ind2=" ">
   <subfield code="a">RFBW</subfield>
   <subfield code="a">mteo</subfield>
  </datafield>
  <datafield tag="935" ind1=" " ind2=" ">
   <subfield code="i">mdedup</subfield>
  </datafield>
  <datafield tag="936" ind1="r" ind2="v">
   <subfield code="a">NR 2290</subfield>
   <subfield code="b">Mainz</subfield>
   <subfield code="k">Geschichte</subfield>
   <subfield code="k">Landes- und Stadtgeschichte (Allgemeine, Deutsche und Österreichische Landes- und Stadtgeschichte, Ausländische Stadtgeschichte, Geschichte der Auslanddeutschen)</subfield>
   <subfield code="k">Deutsche Landesgeschichte im Einzelnen (einschl. ehemaliger deutscher Gebiete)</subfield>
   <subfield code="k">Rheinland-Pfalz</subfield>
   <subfield code="k">Stadtgeschichte</subfield>
   <subfield code="k">Einzelne Städte</subfield>
   <subfield code="k">Mainz</subfield>
   <subfield code="0">(DE-627)1271552663</subfield>
   <subfield code="0">(DE-625)rvk/129211:</subfield>
   <subfield code="0">(DE-576)201552663</subfield>
  </datafield>
  <datafield tag="936" ind1="r" ind2="v">
   <subfield code="a">NF 5805</subfield>
   <subfield code="b">Einzelbeiträge</subfield>
   <subfield code="k">Geschichte</subfield>
   <subfield code="k">Ur- und Frühgeschichte / Prähistorische Archäologie</subfield>
   <subfield code="k">Allgemeine und europäische Ur- und Frühgeschichte nach Epochen</subfield>
   <subfield code="k">Völkerwanderungs- und Merowingerzeit (400 - 800 n. Chr.)</subfield>
   <subfield code="k">Europa</subfield>
   <subfield code="k">Mitteleuropa (Deutschland, Österreich, Schweiz)</subfield>
   <subfield code="k">Deutschland</subfield>
   <subfield code="k">West- und Mitteldeutschland</subfield>
   <subfield code="k">Einzelbeiträge</subfield>
   <subfield code="0">(DE-627)1270985620</subfield>
   <subfield code="0">(DE-625)rvk/125263:1212</subfield>
   <subfield code="0">(DE-576)200985620</subfield>
  </datafield>
  <datafield tag="936" ind1="r" ind2="v">
   <subfield code="a">NF 1285</subfield>
   <subfield code="b">Einzelbeiträge</subfield>
   <subfield code="k">Geschichte</subfield>
   <subfield code="k">Ur- und Frühgeschichte / Prähistorische Archäologie</subfield>
   <subfield code="k">Allgemeine und europäische Ur- und Frühgeschichte nach Epochen</subfield>
   <subfield code="k">Zeitlich übergreifende Darstellungen</subfield>
   <subfield code="k">Europa</subfield>
   <subfield code="k">Mitteleuropa (Deutschland, Österreich, Schweiz)</subfield>
   <subfield code="k">Deutschland</subfield>
   <subfield code="k">Süddeutschland</subfield>
   <subfield code="k">Einzelbeiträge</subfield>
   <subfield code="0">(DE-627)1270920049</subfield>
   <subfield code="0">(DE-625)rvk/125211:1207</subfield>
   <subfield code="0">(DE-576)200920049</subfield>
  </datafield>
  <datafield tag="936" ind1="b" ind2="k">
   <subfield code="a">15.19</subfield>
   <subfield code="j">Vor- und Frühgeschichte</subfield>
   <subfield code="q">coli-conc RVK-&gt;BK</subfield>
   <subfield code="q">https://coli-conc.gbv.de/api/mappings/86628ea8-ce7c-4261-a534-79c6ddd79ae8</subfield>
   <subfield code="0">(DE-627)10640329X</subfield>
  </datafield>
  <datafield tag="951" ind1=" " ind2=" ">
   <subfield code="a">BO</subfield>
  </datafield>
  <datafield tag="990" ind1=" " ind2=" ">
   <subfield code="a">Mainz</subfield>
  </datafield>
  <datafield tag="990" ind1=" " ind2=" ">
   <subfield code="a">Merowinger &lt;Dynastie : 400-751&gt; </subfield>
  </datafield>
  <datafield tag="990" ind1=" " ind2=" ">
   <subfield code="a">Frühchristentum</subfield>
  </datafield>
  <datafield tag="990" ind1=" " ind2=" ">
   <subfield code="a">Funde</subfield>
  </datafield>
  <datafield tag="991" ind1=" " ind2=" ">
   <subfield code="a">Rezensiertes Werk</subfield>
  </datafield>
  <datafield tag="999" ind1=" " ind2=" ">
   <subfield code="a">KXP-PPN1091860955</subfield>
   <subfield code="e">4487524040</subfield>
  </datafield>
 </record>
</collection>
